000 00503nam a22001817a 4500
999 _c188661
_d188661
005 20220530170734.0
010 _aENG-132897
020 _a9788185990231
_c100.00
035 _aEN-116429
037 _bDBAD/PUB
082 _a294.5
100 _aGoel, Sita RAm
245 _aHindu Society Under Siege/
_cSita Ram Goel
260 _aNew Delhi
_bVoice of India
_c2015
270 _a2/18, Ansari Road
_bNew Delhi
_e110002
300 _a58p.
_c22cm(pbk)
942 _2ddc
_cEN
_h294.5
_mGOE